000 00932cam a2200241 i 4500
003 SA-RiAUC
005 20241126061823.0
008 241124s1998 mr g 00010 ara c
040 _aSA-RiAUC
_bara
_cSA-RiAUC
_erda
082 0 4 _a251.1
_qSA-RiAUC
090 _a251.1
_bو ض ي
100 1 _aالوضيفي، المصطفى
_eمؤلف.
245 1 2 _aالمناظرة في أصول التشريع الإسلامي /
_cالمصطفى الوضيفي.
264 1 _a[الدار البيضاء، المغرب] :
_bوزارة الأوقاف،
_c1998
300 _a286 صفحة ؛
_c24 سم
336 _aنص
_btxt
_2rdacontent
_3كتاب
337 _aبدون وسيط
_bn
_2rdamedia
338 _aمجلد
_bnc
_2rdacarrier
500 _aدراسة التناظر بين ابن حزم والباجي.
650 7 _aأصول الفقه الإسلامي
_2aucsh
942 _2ddc
_cBOOK
_n0
949 _aSA-JeALM
_d241124
_umohamedma123
_n1
999 _c2772
_d2772